000
00301nam a2200109Ia 4500
008
231219s9999 xx 000 0 und d
041
_a
eng
100
_a
Leo Gough
245
_a
The Essential Management & Finance Source Book
260
_b
Pitman Pubs House ,England / Hongkong
650
_a
Management
999
_c
978784
_d
978784